| 000 | 00673nam a2200217 a 4500 | ||
|---|---|---|---|
| 001 | 000022853 | ||
| 005 | 20260218080534.0 | ||
| 008 | 101119s1968 uy 000 0 spa d | ||
| 040 |
_aDO-SdBNP _bspa _cBNPHU |
||
| 041 | 1 | 7 |
_aspa _heng _2Código de idiomas MARC |
| 082 |
_a335.4345 _bM296s |
||
| 100 | 1 |
_aMao, Tse-tung _946964 |
|
| 245 | 0 | 0 |
_aSobre la literatura y el arte / _cMao Tse-tung ; edición y traducción Sarandy Cabrera. |
| 260 |
_aMontevideo : _bNativa Libros, _c1968. |
||
| 300 |
_a154 p. ; _c19 cm. |
||
| 650 | 4 |
_aComunismo _92880 |
|
| 650 | 4 |
_aComunismo y arte _95418 |
|
| 650 | 0 |
_aMarxismo _95234 |
|
| 700 | 1 |
_aCabrara, Sarandy, _eed. _946965 |
|
| 049 | _aBNGR | ||
| 999 |
_c22350 _d22350 |
||